Ethnic Groups and Languages of Pakistan (with provinces) - Statistics

General Stats
  • This quiz has been taken 677 times
  • The average score is 8 of 16
Answer Stats
Language Group Language Ethnic Group Number in Pakistan Province % Correct
Indo-Aryan Punjabi Punjabis 100 million Punjab
97%
Iranian Pashto Pashtuns 36 million Khyber Pakhtunkhwa
88%
Iranian Balochi Baloch 6,8 million Balochistan
85%
Indo-Aryan Sindhi Sindhis 33 million Sindh
85%
Indo-Aryan Kashmiri (Dardic) Kashmiris 350.000 Minority in Azad Jammu and Kashmir
74%
Indo-Aryan Urdu Muhajirs (Urdu-speakers) 17 million Minority in Sindh
74%
Sino-Tibetan Balti Baltis 380.000 Minority in Gilgit-Baltistan
43%
Iranian Hazaragi dialect of Dari (Persian) Hazaras 900.000 Minority in the city Quetta (in Balochistan)
42%
Dravidian Brahui Brahuis 2,2 million Minority in Balochistan
31%
Isolate Burushaski Burusho people 100.000 Hunza District (in Gilgit-Baltistan)
31%
Indo-Aryan Saraiki (Lahnda) Saraikis 20 million Minority in Punjab
30%
Indo-Aryan Khowar (Dardic) Kho people 300.000 Chitral District (in Khyber Pakhtunkhwa)
22%
Indo-Aryan Hindko (Lahnda) Hindkowans 5 million Minority in Khyber Pakhtunkhwa and Azad Kashmir
20%
Indo-Aryan Pahari-Pothwari (Lahnda) Pahari people 3,8 million Azad Jammu and Kashmir
16%
Indo-Aryan Shina (Dardic) Shina people 500.000 Gilgit-Baltistan
13%
Iranian Wakhi (Pamir) Wakhi people 20.000? Minority in Gilgit-Baltistan
9%
No matching quizzes found
Score Distribution
Percent of People with Each Score
Percentile by Number Answered
Your Score History
You have not taken this quiz